00684nam a22001937a 4500999001900000005001700019010001300036020001400049035001200063037001600075082001700091100003700108245012000145246004700265260004800312270007600360300002200436942003200458 c187630d18763020220426144313.0 aUR-11527 c250.00a- aU-10082 bDBAD/PUBa- a270.9202Ist aقا ضی ا سد ثنا ‏ئ aطنز و مز ا ح نگا ر ی ميں فکر تو نسو ی کا حصہc ر ضو ا نہ بيگمhا ر د و  bKhutbath-e-Ansaar (Urdu)aby Rizwana Begum aHyderabadbAl-Ansar Publicationsc2021 ء  a18-8-253/36A,Jamal Colony, Riasat Nagar,bHyderabade59k09391301192l- a208 صc22 Cm(Hb) 2ddccURh270.920mا س د